00926 a2200253 450000500170000001000150001702000260003203500140005803700090007208200080008110000270008924500580011625000060017426000390018027000710021930000210029050000650031170000360037670000330041270000320044594200300047799900190050795201460052620241218140739.0 aENG-143079 c500.00a9789380599854 aEN-126611 bDBAD14a510 aMukherjee, M.N.9753771 aRudiments of Mathematics/cby M.N. Mukherjee..[et.al] a8 aKolkatabAcademic Publishersc2013 a5A, Bhawani Dutta LanebKolkatae700 073macabooks@cal.vsnl.net.in avppc24 cm (Pbk) afor W. B. joint entrance and other competitive examinations  aMukhopadhyay, P.eAuthor975378 aRoy, S. SinhaeAuthor975379 aDasgupta, U.eAuthor975380 adplcEN2ddch510mMUKe8 c207803d207803 001040708NFICaLbLd2024-12-18eDelivery of Books Divisiong500.00l0o510 MUKpEN-126611r2024-12-18 00:00:00t1v500.00w2024-12-18yEN